000 00984cam a2200193 4500
001 ABS61085
008 000000n1999 000 0 eng u
035 _a(Sirsi) u101634
100 _aGibson, V.
245 _aNew business practices and the corporate property portfolio: how responsive is the UK property market?
260 _c1999
490 _aJournal of Property Research
_v16(3) September 1999, 201-218(10)
520 _aConsiders the effect business reorganisation and new working practices are having on the corporate property market. Assesses their impact on how property managers deal with their core and peripheral property requirements. Extends the findings of a research project funded by the RICS, "Changing Lease Structures in Commercial Property Markets" 1998. References.
650 _aProperty management
_96262
650 _aLEASE
690 _aPROPERTY-COMMERCIAL PROPERTY-COMMERCIAL PROPERTY FINANCE AND INVESTMENT
700 _aLizieri, C.
942 _n0
999 _c60762
_d60762